[Event "Florianopolis op 9th"]
[Site "Florianopolis"]
[Date "2023.01.24"]
[Round "2"]
[White "Cordero, Daniela"]
[Black "Constantino, Pedro Henrique"]
[Result "1/2-1/2"]
[WhiteElo "2027"]
[BlackElo "1727"]
[PlyCount "103"]
[EventDate "2023.01.23"]
[EventType "swiss"]
[EventRounds "10"]
[EventCountry "BRA"]
[SourceTitle "CBM 212 Extra"]
[Source "ChessBase"]
[SourceDate "2023.03.31"]
[SourceVersion "1"]
[SourceVersionDate "2023.03.31"]
[SourceQuality "1"]

1. d4 Nf6 2. Nf3 g6 3. c4 Bg7 4. g3 0-0 5. Bg2 d5 6. cxd5 Nxd5 7. 0-0 Nc6 8. e3 Re8 9. Nc3 Nb6 10. h3 h6 11. Qe2 e5 12. dxe5 Nxe5 13. Rd1 Qe7 14. Nd4 c5 15. Ndb5 a6 16. Nd6 Rd8 17. Nxc8 Raxc8 18. a4 c4 19. a5 Rxd1+ 20. Qxd1 Rd8 21. Qc2 Nc8 22. Nd5 Qc5 23. e4 Nd3 24. Be3 Qb5 25. Ra4 Nd6 26. Bb6 Rf8 27. Bc7 Qxb2 28. Ne3 Qxc2 29. Nxc2 Nb5 30. Bb6 Re8 31. e5 Nc3 32. Ra1 Bxe5 33. Bxb7 Rb8 34. Bxa6 Ne2+ 35. Kf1 Bxa1 36. Nxa1 Nc3 37. Bxc4 Nb2 38. Bb3 Nca4 39. Bd4 Ra8 40. Bxa4 Nxa4 41. Nb3 Rb8 42. a6 Rxb3 43. a7 Nb6 44. Bxb6 Ra3 45. Ke2 f5 46. Kd2 Kf7 47. Kc2 Ke6 48. Kb2 Ra6 49. Kc3 Kd5 50. Kb4 Kc6 51. Be3 h5 52. h4 1/2-1/2